[Event "Mechanics' Winter TNM; G/2 d5"]
[Site "San Francisco"]
[Date "2018.02.20"]
[Round "7.40"]
[White "Karp, Richard M"]
[Black "Chen, Bryant Alan"]
[Result "1-0"]
[WhiteElo "1834"]
[BlackElo "1523"]
[Annotator "Donaldson"]
[PlyCount "55"]
[EventDate "2018.??.??"]
[Source "ChessBase"]
[SourceDate "2007.09.04"]

1. e4 e5 2. Nf3 Nc6 3. Bb5 Nf6 4. O-O Nxe4 5. Re1 Nd6 6. Nxe5 Nxe5 7. Rxe5+ Be7
8. Bf1 O-O 9. d4 Bf6 10. Re1 Nf5 11. c3 d5 12. Bf4 Bg5 13. Qd2 Bxf4 14. Qxf4
Re8 15. Nd2 Be6 16. Bd3 g5 17. Qf3 Nh4 18. Qh5 f5 19. g3 Qf6 (19... Ng6 20. Nf3
$18) 20. gxh4 gxh4 21. Nf3 Kh8 22. Kh1 Rg8 23. Rg1 Bf7 24. Qxf5 Qxf5 25. Bxf5
h3 26. Rxg8+ Rxg8 27. Rg1 Bg6 28. Bxg6 1-0

[Event "Mechanics' Spring TNM; G/2 d5"]
[Site "San Francisco"]
[Date "2018.04.24"]
[Round "6.31"]
[White "Karp, Richard M"]
[Black "Cunningham, Charles"]
[Result "1-0"]
[WhiteElo "1834"]
[BlackElo "1406"]
[Annotator "Donaldson"]
[PlyCount "51"]
[EventDate "2018.??.??"]
[Source "ChessBase"]
[SourceDate "2007.09.04"]

1. e4 e5 2. Nf3 Nc6 3. Bb5 Qf6 4. Nc3 Nd4 5. Nxd4 exd4 6. Nd5 Qe5 7. O-O c6 8.
Bc4 cxd5 9. exd5 Qd6 10. Re1+ Be7 11. Qg4 Kf8 12. d3 Qf6 13. d6 Bxd6 14. Bg5
Qg6 15. Qe2 f6 16. Bd2 Ne7 17. Bf4 Bc5 18. b4 $1 Bxb4 19. c3 (19. Rab1 $1 Bc5
20. Rb5 Ba3 21. Ra5 Bb4 22. c3 dxc3 23. a3 $18) 19... dxc3 $2 (19... Ba3) 20.
Rab1 Bc5 21. d4 (21. Rb5 Ba3 22. Ra5 Bb4 23. a3) 21... d5 22. dxc5 Qf7 23. Bd3
g5 24. Bd6 Kg7 25. Qxe7 Qxe7 26. Rxe7+ 1-0

[Event "Mechanics' Shipman TNM; G/2 d/5"]
[Site "San Francisco"]
[Date "2018.08.28"]
[Round "4.8"]
[White "Karp, Richard M"]
[Black "Ivanov, Aleksandr"]
[Result "0-1"]
[WhiteElo "1712"]
[BlackElo "2197"]
[PlyCount "83"]
[EventDate "2018.??.??"]
[Source "ChessBase"]
[SourceDate "2007.09.04"]

1. e4 e6 2. d4 d5 3. Nd2 Nc6 4. e5 $2 Nxd4 5. c3 Nc6 6. Ndf3 Nge7 7. Bf4 Ng6 8.
Bg3 f6 9. exf6 gxf6 10. Bb5 Bd7 11. Ne2 Bd6 12. c4 Bb4+ 13. Kf1 Nce7 14. Bxd7+
Qxd7 15. Qb3 c5 16. cxd5 Nxd5 17. h4 Qb5 18. a3 Ngf4 19. Bxf4 Nxf4 20. Re1 Qd3
21. Qxd3 Nxd3 22. axb4 Nxe1 23. Nxe1 cxb4 24. Nf4 Kf7 25. Rh3 Rhd8 26. Rd3 a5
27. Ke2 e5 28. Nd5 e4 29. Rd2 Rac8 30. g3 Rc5 31. Ne3 Rxd2+ 32. Kxd2 b3 33. Nd1
Rd5+ 34. Ke2 f5 35. Nc3 Rd4 36. Ng2 Ke6 37. Ne3 b6 38. Ned1 Rd3 39. Na4 Rd6 40.
Nac3 Rd4 41. Ne3 Rd3 42. Na4 {
The position is equal but Black went on to win. Remaining moves unavailable.}
0-1

[Event "Mechanics' Spring TNM; G/2 d5"]
[Site "San Francisco"]
[Date "2018.03.27"]
[Round "2.30"]
[White "Karp, Richard M"]
[Black "Revi, Frank"]
[Result "0-1"]
[WhiteElo "1834"]
[BlackElo "1256"]
[Annotator "Donaldson"]
[PlyCount "142"]
[EventDate "2018.??.??"]
[Source "ChessBase"]
[SourceDate "2007.09.04"]

1. e4 c5 2. Nf3 d6 3. d4 cxd4 4. Nxd4 Nf6 5. Nc3 a6 6. Bc4 e6 7. O-O Be7 8. a3
Nbd7 $2 {Diagram [#]} 9. Bxe6 $1 Ne5 (9... fxe6 10. Nxe6 Qb6 11. Nxg7+ Kf7 12.
Nf5 $16) 10. Bb3 Qc7 11. f4 Nc4 12. Qd3 b5 13. Bxc4 (13. Ndxb5 $2 axb5 14. Nxb5
Qc5+ $15) (13. a4 $1 $18) 13... bxc4 14. Qg3 Nh5 15. Qf3 Nf6 16. Nf5 (16. e5 $1
Bb7 17. Qe2 dxe5 18. fxe5 Nd5 19. e6 $1) 16... Bxf5 17. exf5 Rd8 18. Be3 d5 19.
Rad1 Qc6 20. Bd4 O-O 21. Bxf6 (21. Rfe1) 21... Bxf6 22. Nxd5 Qc5+ 23. Ne3 $2 (
23. Kh1) 23... Bd4 24. c3 (24. Rxd4 Rxd4 25. f6 $17) 24... Bxe3+ 25. Kh1 Rd3
26. Qe4 Rxd1 (26... Rfd8) 27. Rxd1 h6 28. Rd5 Qc6 29. Re5 Rd8 30. h3 Rd1+ 31.
Kh2 Bg1+ 32. Kg3 Rd3+ 33. Kg4 Qxe4 34. Rxe4 Rd2 35. Kf3 Rxb2 36. Rxc4 Rb3 37.
a4 Ra3 38. Rc8+ Kh7 39. Rc4 Bb6 40. Rc6 Bd8 41. Rc4 Bf6 42. Ke4 Bxc3 43. Kd5
Bf6 44. Kc6 Bd8 45. Kb7 a5 46. Ka6 Rb3 47. Rc8 Rd3 48. Rc4 Rd6+ 49. Kb5 Rd5+
50. Rc5 Rd4 51. Rc4 Rd2 52. Rc8 Rd5+ 53. Rc5 Rd4 54. Rc4 Rd6 55. Rc6 Rd7 56.
Rc4 Kg8 57. Rc8 Kf8 58. Rc4 Ke8 59. Re4+ Kf8 60. Kc4 Be7 61. Kb5 Rd5+ 62. Ka6
Bb4 63. g4 Rd6+ 64. Kb5 Rd5+ 65. Kc6 Rc5+ 66. Kb6 Rc3 67. h4 Rd3 68. Kb5 Rd5+
69. Kc4 Rc5+ 70. Kb3 h5 71. gxh5 Rxf5 0-1

[Event "Mechanics' Shipman TNM; G/2 d/5"]
[Site "San Francisco"]
[Date "2018.08.14"]
[Round "2.23"]
[White "Karp, Richard M"]
[Black "Wingenroth, Jordan"]
[Result "1/2-1/2"]
[WhiteElo "1712"]
[BlackElo "1421"]
[PlyCount "100"]
[EventDate "2018.??.??"]
[Source "ChessBase"]
[SourceDate "2007.09.04"]

1. e4 e5 2. Bc4 Nc6 3. Nf3 Bc5 4. d3 h6 5. O-O Nf6 6. Re1 d6 7. Be3 Bb6 8. c3
Na5 9. Bb3 Bxe3 10. Rxe3 Bg4 11. Ba4+ Nc6 12. Nbd2 O-O 13. Nf1 Ne7 14. Ng3 c6
15. h3 Bd7 16. d4 b5 17. Bb3 Qc7 18. Qd2 c5 19. dxe5 dxe5 20. Rd1 Rad8 21. Bd5
Be6 22. Qe1 Nexd5 23. exd5 Bxd5 24. Nxe5 Bxa2 25. Ra1 Bb3 26. Qe2 c4 27. f4
Rfe8 28. Nf5 Kh7 29. Rg3 g6 30. Nd4 Nh5 31. Rg4 Nxf4 32. Rxf4 Rxe5 33. Rxf7+
Qxf7 34. Qxe5 Ba4 35. Rf1 Qe8 36. Ne6 Qe7 37. Nf8+ Qxf8 38. Rxf8 Rxf8 39. Qe7+
Kg8 40. Qxa7 Rf7 41. Qb8+ Kh7 42. Qe8 Kg7 43. Qe5+ Kh7 44. Qe2 Kg7 45. h4 Rd7
46. h5 gxh5 47. Qxh5 Rd1+ 48. Kh2 Rd2 49. Qg4+ Kh7 50. Qf5+ Kg7 1/2-1/2

[Event "Mechanics' Shipman TNM; G/2 d/5"]
[Site "San Francisco"]
[Date "2018.09.11"]
[Round "6.23"]
[White "Karp, Richard M"]
[Black "Yamamoto, Craig"]
[Result "1-0"]
[WhiteElo "1712"]
[BlackElo "1500"]
[PlyCount "29"]
[EventDate "2018.??.??"]
[Source "ChessBase"]
[SourceDate "2007.09.04"]

1. e4 c5 2. d4 cxd4 3. c3 d5 4. exd5 Qxd5 5. cxd4 Nc6 6. Nf3 Nf6 7. Nc3 Qa5 8.
Bc4 Bg4 9. Qb3 e6 10. Qxb7 Rd8 11. Qxc6+ Nd7 12. Ne5 Bb4 13. O-O Qb6 14. Qxb6
Nxb6 15. Bb5+ 1-0

[Event "Mechanics' Shipman TNM; G/2 d/5"]
[Site "San Francisco"]
[Date "2018.08.14"]
[Round "2.26"]
[White "Katsman, Solomon"]
[Black "Cendejas, Juan Rod"]
[Result "0-1"]
[WhiteElo "1411"]
[BlackElo "1697"]
[PlyCount "58"]
[EventDate "2018.??.??"]
[Source "ChessBase"]
[SourceDate "2007.09.04"]

1. e4 e5 2. Nf3 Nc6 3. Bb5 Bc5 4. d3 d6 5. h3 Nge7 6. c3 O-O 7. O-O Ng6 8. Bg5
f6 9. Be3 Bb6 10. Nbd2 h6 11. Nc4 Be6 12. Nxb6 axb6 13. b3 Nce7 14. d4 c6 15.
Be2 Qc8 16. c4 f5 17. exf5 Bxf5 18. dxe5 dxe5 19. Bxb6 Bxh3 20. Nh2 Bf5 21. Bg4
Nf4 22. Re1 Qe6 23. Bxf5 Qxf5 24. Nf3 {Diagram [#]} Nxg2 $1 25. Kxg2 Qg4+ 26.
Kf1 Rxf3 27. Rxe5 Nf5 28. Qe2 Ng3+ 29. Ke1 Nxe2 0-1

[Event "Mechanics' Shipman TNM; G/2 d/5"]
[Site "San Francisco"]
[Date "2018.08.28"]
[Round "4.30"]
[White "Katsman, Solomon"]
[Black "Hack, Richard"]
[Result "0-1"]
[WhiteElo "1411"]
[BlackElo "1594"]
[PlyCount "62"]
[EventDate "2018.??.??"]
[Source "ChessBase"]
[SourceDate "2007.09.04"]

1. e4 e5 2. Nf3 Nc6 3. Nc3 Nf6 4. Bc4 Bc5 5. d3 h6 6. a3 d6 7. h3 O-O 8. O-O
Qe7 9. Be3 Nd4 10. Bxd4 exd4 11. Na4 Be6 12. Bxe6 Qxe6 13. Re1 Qd7 14. e5 Nd5
15. Nxc5 dxc5 16. Qd2 Rae8 17. Re4 Re6 18. Rae1 Rb6 19. e6 Rxe6 20. Rxe6 fxe6
21. Ne5 Qe8 22. Qe2 Rf5 23. Nc4 Nf4 24. Qg4 Qf8 25. g3 h5 26. Qd1 Nxh3+ 27. Kg2
Rxf2+ 28. Kxh3 Qf5+ 29. g4 Rf3+ 30. Kh2 Qf4+ 31. Kh1 Rf2 0-1

[Event "Mechanics' Shipman TNM; G/2 d/5"]
[Site "San Francisco"]
[Date "2018.09.04"]
[Round "5.41"]
[White "Katsman, Solomon"]
[Black "Mendes Da Costa, Alex"]
[Result "0-1"]
[WhiteElo "1411"]
[BlackElo "957"]
[PlyCount "76"]
[EventDate "2018.??.??"]
[Source "ChessBase"]
[SourceDate "2007.09.04"]

1. e4 e5 2. Nf3 Nc6 3. Bb5 Bc5 4. Nc3 a6 5. Bxc6 dxc6 6. Nxe5 Qd4 7. Nd3 Nf6 8.
O-O O-O 9. h3 Ba7 10. Re1 Re8 11. Qf3 b5 12. b4 Nd7 13. Bb2 Ne5 14. Nxe5 Qxe5
15. Rab1 Bb7 16. Nd5 Qd6 17. Nf6+ gxf6 18. Bxf6 Kf8 19. e5 Qxd2 20. Re2 c5 21.
Qg3 Qh6 22. Rbe1 cxb4 23. Bg5 Qg6 24. h4 h6 25. e6 hxg5 26. e7+ Kg8 27. h5 Qxh5
28. Re5 f6 29. Rf5 Kg7 30. Re6 Rh8 31. Kf1 Qd1+ 32. Re1 Qxc2 (32... Rh1#) 33.
Rxg5+ fxg5 34. Qxg5+ Qg6 35. Qe5+ Qf6 36. Qg3+ Kf7 37. Qb3+ Ke8 38. Qxb4 Qxf2#
0-1

[Event "Mechanics' Bedjanian TNM; G/2 d/5"]
[Site "San Francisco"]
[Date "2018.10.30"]
[Round "2.40"]
[White "Kim, Andy"]
[Black "Capdeville, Barry"]
[Result "1-0"]
[WhiteElo "1532"]
[BlackElo "1218"]
[PlyCount "87"]
[EventDate "2018.??.??"]
[Source "ChessBase"]
[SourceDate "2007.09.04"]

1. d4 d5 2. Nf3 Nf6 3. Bf4 Ne4 4. Nbd2 Nxd2 5. Qxd2 e6 6. e3 Be7 7. Qa5 O-O 8.
Qxc7 Qxc7 9. Bxc7 Nd7 10. Bb5 Bf6 11. O-O a6 12. Bd3 Re8 13. c4 e5 14. dxe5
Nxe5 15. Nxe5 Bxe5 16. Bxe5 Rxe5 17. cxd5 Rxd5 18. Rfd1 Be6 19. b3 Rad8 20. Be2
Rxd1+ 21. Rxd1 Rxd1+ 22. Bxd1 Kf8 23. Kf1 Ke7 24. Ke2 b5 25. a3 Kd6 26. Kd3 g5
27. b4 Bf5+ 28. Kd4 Be6 29. h3 Bc4 30. g3 Bf1 31. Bg4 Bc4 32. Bc8 Be6 33. Bxa6
Bd7 34. Bb7 Bxh3 35. f3 Bg2 36. Be4 h5 37. f4 Bxe4 38. Kxe4 h4 39. gxh4 gxh4
40. Kf3 h3 41. e4 h2 42. Kg2 f6 43. Kxh2 Ke6 44. Kg3 1-0

[Event "Mechanics' Bedjanian TNM; G/2 d/5"]
[Site "San Francisco"]
[Date "2018.12.18"]
[Round "9.22"]
[White "Kim, Andy"]
[Black "Cendejas, Juan Rod"]
[Result "1-0"]
[WhiteElo "1532"]
[BlackElo "1705"]
[Annotator "Winslow,Elliott"]
[PlyCount "69"]
[EventDate "2018.??.??"]
[Source "ChessBase"]
[SourceDate "2007.09.04"]

1. d4 Nf6 2. Bf4 d5 3. e3 Bf5 4. Nf3 e6 5. Bd3 Bxd3 6. Qxd3 Bd6 7. Bg3 Ne4 8.
Nbd2 f5 9. Qb5+ Nd7 10. Nxe4 fxe4 11. Ne5 Bxe5 12. Bxe5 O-O 13. Bg3 Nb6 14. b3
Rc8 15. c4 a6 16. Qb4 a5 17. Qc3 c5 18. Rd1 a4 (18... Nd7) (18... cxd4) 19. Be5
(19. O-O $1 $16) 19... Qg5 (19... dxc4 20. bxc4 cxd4 (20... Qg5)) 20. O-O Rf5
$6 (20... axb3 21. axb3 dxc4 22. dxc5 cxb3 23. Bd6 Rfe8 24. Qxb3 Nd7 25. Qxb7
Nxc5 26. Bxc5 Rxc5 27. Qxe4) 21. Bf4 (21. dxc5 $1 Rxc5 22. Bd4 $16) 21... Qf6
$6 (21... Qe7) 22. Qa5 Rc6 23. dxc5 dxc4 24. Qa7 Rfxc5 {[#]} 25. bxc4 $2 (25.
b4 $1 $18 {/\Qxb7}) 25... e5 26. Bg3 h5 27. f4 $5 (27. h4) (27. Qb8+ Rc8 (27...
Kh7 28. Rd8 Nc8 (28... Rc8 29. Rxc8) 29. Rd5)) 27... exf3 28. Rxf3 Qg5 29. Qxb7
h4 30. Qf7+ Kh7 31. Bxh4 Qg4 32. Bd8 Rh6 33. Bxb6 Rxc4 34. Rdf1 Rxb6 35. Rg3
1-0

[Event "Mechanics' Bedjanian TNM; G/2 d/5"]
[Site "San Francisco"]
[Date "2018.12.04"]
[Round "7.21"]
[White "Kim, Andy"]
[Black "Cortinas, Martin"]
[Result "1-0"]
[WhiteElo "1532"]
[BlackElo "1724"]
[Annotator "Winslow,Elliott"]
[PlyCount "89"]
[EventDate "2018.??.??"]
[Source "ChessBase"]
[SourceDate "2007.09.04"]

1. d4 Nf6 2. Nf3 g6 3. c4 Bg7 4. Nc3 d5 5. Bg5 dxc4 6. e4 O-O 7. Qd2 $2 (7. e5)
(7. Bxc4) 7... c6 $2 {Too slow} (7... c5 {combats White's center, but}) (7...
b5 $1 8. Bxf6 (8. e5 b4 $1 9. exf6 exf6 $17) 8... exf6 9. Nxb5 Bb7 $17 {
catches White before he can put himself in order}) 8. Bxc4 {
Now White gets castled with center intact.} b6 (8... b5 $5 9. Bd3 Bg4 10. Ne5
$5 Bc8 11. Be3) 9. O-O (9. a3) 9... Ba6 10. Bxa6 (10. b3 $1) 10... Nxa6 11. Bh6
(11. Rfe1) (11. Rfd1) (11. Rad1) 11... Nd7 12. a3 Re8 13. Bxg7 Kxg7 14. Rad1 (
14. b4 $5) 14... Nc7 15. Qf4 Ne6 16. Qh4 Nef8 17. e5 {
Black slips into a lost situation} e6 18. Qf4 f5 19. exf6+ Qxf6 20. Qg3 Qf5 21.
Rfe1 h6 22. Ne4 Qd5 23. Ne5 Nf6 24. Nxf6 Kxf6 25. Qf4+ Kg7 26. Qf7+ Kh8 {
[#] Now, how to finish him off...} 27. Re3 $1 {
The classic "Rook Lift" maneuver.} (27. Nxg6+ Nxg6 28. Qxg6 Qg5 29. Rxe6 {
wins a couple pawns and eventually the game, but it's certainly better to win
now.}) 27... Rad8 (27... Qd8 28. Rh3 Qg5 29. f4 Re7 30. fxg5 Rxf7 31. Nxf7+)
28. Rh3 h5 {[#]} 29. Rg3 $4 {The door opens!} (29. Nxg6+ Nxg6 30. Qxg6 {
is Game Over.}) 29... Qxe5 $1 30. Qxe8 (30. Rxg6 Nxg6 31. Qxe8+ Rxe8 32. dxe5
$19) 30... Rxe8 $4 {The door closes! Black misses two wins:} (30... Qe2 {
is the cleanest: Q for R.}) (30... Qc7 {
traps White's queen! But then it's Q+N v 2Rs.}) 31. dxe5 {
Now it's "technique" -- which White handles nicely.} Kg7 32. f4 Re7 33. Kf2 Nd7
34. b4 a5 35. Rgd3 Nb8 36. Rd8 Na6 37. bxa5 bxa5 38. R8d7 Kf7 39. Ke3 Nc5 40.
Rxe7+ Kxe7 41. Rd6 Nb7 42. Rxc6 Kd7 43. Rb6 Nc5 44. Kd4 Na4 45. Rb7+ 1-0

[Event "Mechanics' Bedjanian TNM; G/2 d/5"]
[Site "San Francisco"]
[Date "2018.11.13"]
[Round "4.33"]
[White "Kim, Andy"]
[Black "Harris, Clarence"]
[Result "1-0"]
[WhiteElo "1532"]
[BlackElo "1400"]
[Annotator "Winslow,Elliott"]
[PlyCount "61"]
[EventDate "2018.??.??"]
[Source "ChessBase"]
[SourceDate "2007.09.04"]

1. d4 Nf6 2. c4 g6 3. Nc3 Bg7 4. e4 d6 5. f3 O-O 6. Be3 e5 7. Nge2 Nbd7 8. d5
a5 9. Qd2 Nc5 10. Nc1 a4 11. Nd3 b6 12. h4 Nh5 13. Qf2 f5 14. Nxc5 bxc5 15. Bg5
Qe8 16. Bd2 f4 17. O-O-O Bd7 18. Ne2 Ra7 19. g4 fxg3 20. Nxg3 Bg4 21. Be2 Nf4
22. Rdf1 {[#]} Nd3+ $4 (22... Bh3 $1 23. Rfg1 h5 24. Bf1 (24. Bxf4 exf4 25.
Rxh3 a3 $3) 24... Bd7 $17) 23. Bxd3 Rxf3 24. Qxf3 $1 Bxf3 25. Rxf3 $18 Qd7 26.
Rhf1 Qg4 27. h5 gxh5 28. Be2 Qg6 29. Nxh5 Qxe4 30. Rg3 c6 31. Nf6+ 1-0

[Event "Mechanics' Summer TNM; G/2 d5"]
[Site "San Francisco"]
[Date "2018.07.03"]
[Round "6.9"]
[White "Kim, Isaiah"]
[Black "Campers Jr, Willie"]
[Result "1-0"]
[WhiteElo "2063"]
[BlackElo "1725"]
[PlyCount "88"]
[EventDate "2018.??.??"]
[Source "ChessBase"]
[SourceDate "2007.09.04"]

1. d4 d5 2. c4 c6 3. Nf3 e6 4. e3 Nf6 5. Nc3 a6 6. Qc2 b5 7. b3 Bb4 8. Bb2 Bb7
9. Bd3 Nbd7 10. O-O h6 11. e4 Bxc3 12. Bxc3 dxe4 13. Bxe4 Nxe4 14. Qxe4 Nf6 15.
Qe2 O-O 16. Rad1 Re8 17. Rd3 Qe7 18. c5 a5 19. b4 axb4 20. Bxb4 Nd5 21. Qe1
Rxa2 22. Ne5 f6 23. Ng4 h5 24. Ne3 Nf4 25. Rd2 Rea8 26. Nf5 Qf7 27. Nd6 Qg6 28.
g3 Rxd2 29. Bxd2 Nh3+ 30. Kg2 Ng5 31. Bxg5 fxg5 32. Nxb7 Ra4 33. Qe3 h4 34. Re1
h3+ 35. Kxh3 Qf5+ 36. Kg2 Qd5+ 37. Qe4 Rxd4 38. Qxd5 exd5 39. Re6 b4 40. Rxc6
b3 41. Rb6 Rd3 42. Na5 Rc3 43. c6 d4 44. Rxb3 Rc4 1-0

[Event "Mechanics' Summer TNM; G/2 d5"]
[Site "San Francisco"]
[Date "2018.07.10"]
[Round "7.9"]
[White "Kim, Isaiah"]
[Black "Krasnov, Steven"]
[Result "1-0"]
[WhiteElo "2063"]
[BlackElo "1855"]
[Annotator "Winslow,E"]
[PlyCount "49"]
[EventDate "2018.??.??"]
[Source "ChessBase"]
[SourceDate "2007.09.04"]

1. d4 Nf6 2. c4 g6 3. Nc3 d5 4. Nf3 Bg7 5. Qb3 c6 6. cxd5 Nxd5 7. e4 Nb6 8. Be2
O-O 9. O-O Be6 10. d5 $2 (10. Qc2 $16) 10... Bg4 $2 (10... cxd5 11. Ng5 Nc6 12.
Nxe6 fxe6 13. Bg4 Kh8 $15) 11. Bg5 (11. Rd1 $1) 11... h6 12. Bh4 Bf6 $6 (12...
g5) 13. Bxf6 exf6 14. Rfd1 $16 Qc8 $2 15. a4 $1 (15. Rac1) 15... N8d7 {
ATTENTION SCOREKEEPERS (i.e. players): ...Nbd7 is ambiguous. PAY ATTENTION!
(thank you, the games entry guy)} 16. a5 Nc5 17. Qa3 Nbd7 18. Rac1 Re8 19. Rd4
$6 (19. a6 $1) 19... b6 $6 (19... f5 $1) 20. b4 {Back to winning} Bxf3 21. Bxf3
Na6 22. dxc6 Ne5 23. Nd5 Nxf3+ 24. Qxf3 Re6 25. axb6 1-0

[Event "Mechanics' Summer TNM; G/2 d/5"]
[Site "San Francisco"]
[Date "2018.06.12"]
[Round "3.25"]
[White "Kim, Isiah"]
[Black "Robertson, Terrance"]
[Result "1-0"]
[WhiteElo "2063"]
[BlackElo "1439"]
[PlyCount "53"]
[EventDate "2018.??.??"]
[Source "ChessBase"]
[SourceDate "2007.09.04"]

1. d4 d5 2. c4 Nf6 3. cxd5 Nxd5 4. e4 Nf6 5. Nc3 e6 6. Nf3 Be7 7. Bd3 h6 8. Bc2
Nbd7 9. e5 Nd5 10. Nxd5 exd5 11. e6 Bb4+ 12. Bd2 Bxd2+ 13. Qxd2 Qe7 14. O-O Nf6
15. exf7+ Qxf7 16. Ne5 Qe6 17. Ng6 Ne4 18. Bxe4 dxe4 19. Nxh8 Bd7 20. Qa5 b5
21. Qxc7 g5 22. Rfe1 a6 23. d5 Qf5 24. f3 Rc8 25. Rxe4+ Qxe4 26. Qxc8+ Bxc8 27.
fxe4 1-0

[Event "Mechanics' Summer TNM; G/2 d/5"]
[Site "San Francisco"]
[Date "2018.07.03"]
[Round "6.10"]
[White "Kobernat, Alan E"]
[Black "Harris, John"]
[Result "0-1"]
[WhiteElo "2000"]
[BlackElo "1746"]
[PlyCount "102"]
[EventDate "2018.??.??"]
[Source "ChessBase"]
[SourceDate "2007.09.04"]

1. e4 d5 2. exd5 Qxd5 3. Nc3 Qd8 4. d4 Nf6 5. Nf3 c6 6. Bc4 Bf5 7. Ne5 e6 8. g4
Bg6 9. h4 Bb4 10. h5 Be4 11. f3 Bd5 12. Bd3 Nbd7 13. Bg5 Qa5 14. Nxd7 Nxd7 15.
Bd2 Qc7 16. Qe2 Bxc3 17. bxc3 Qg3+ 18. Qf2 Qxf3 19. Rf1 Qxf2+ 20. Kxf2 c5 21.
c4 Bc6 22. Bc3 O-O 23. Kg3 cxd4 24. Bxd4 e5 25. Bc3 h6 26. Bf5 Rfe8 27. Rfe1 f6
28. Red1 Nc5 29. Bb4 Ne4+ 30. Bxe4 Bxe4 31. Rd7 Rac8 32. c5 Bc6 33. Rd6 Kf8 34.
Rad1 Ke7 35. Ba5 Ba4 36. Bb4 Kf7 37. R1d2 Bc6 38. Kf2 Re6 39. Ke3 Rxd6 40. Rxd6
Rg8 41. Ba5 Rc8 42. Rd8 Rxd8 43. Bxd8 g6 44. Kf2 gxh5 45. gxh5 Ba4 46. Kg3 Bxc2
47. Ba5 f5 48. Bd2 f4+ 49. Kg4 Ke6 50. Bc3 Bd1+ 51. Kh4 Kf5 0-1

[Event "Mechanics' Summer TNM; G/2 d5"]
[Site "San Francisco"]
[Date "2018.06.05"]
[Round "2.7"]
[White "Kobernat, Alan E"]
[Black "Thet, Lyn Aung"]
[Result "1-0"]
[WhiteElo "2000"]
[BlackElo "1791"]
[PlyCount "67"]
[EventDate "2018.??.??"]
[Source "ChessBase"]
[SourceDate "2007.09.04"]

1. e4 c5 2. d4 cxd4 3. c3 Nf6 4. e5 Nd5 5. Nf3 e6 6. Bc4 Nb6 7. Bb3 dxc3 8.
Nxc3 d5 9. O-O Be7 10. Qe2 Bd7 11. Rd1 O-O 12. a3 a6 13. Bc2 Nc6 14. Qd3 g6 15.
Bh6 Re8 16. g3 Nc4 17. Qe2 Qc7 18. Re1 Nxb2 19. Bxg6 hxg6 20. Qxb2 b5 21. Qd2
Rac8 22. Qf4 Qd8 23. Ng5 Rf8 24. h4 Na5 25. Bxf8 Qxf8 26. Qf3 Nb3 27. Rad1 Bxg5
28. hxg5 Qxa3 29. Qf6 Qc5 30. Ne4 Qf8 31. Nd6 Rc2 32. Re3 Nd2 33. g4 Nc4 34.
Rh3 1-0

[Event "Mechanics' Shipman TNM; G/2 d/5"]
[Site "San Francisco"]
[Date "2018.08.28"]
[Round "4.9"]
[White "Kokesh, Tim"]
[Black "Cortinas, Martin A"]
[Result "1-0"]
[WhiteElo "2015"]
[BlackElo "1719"]
[Annotator "Winslow,Elliott"]
[PlyCount "113"]
[EventDate "2018.??.??"]
[Source "ChessBase"]
[SourceDate "2007.09.04"]

1. e4 c6 2. d4 d5 3. Nd2 dxe4 4. Nxe4 Bf5 5. Ng3 Bg6 6. h4 h6 7. Nf3 Nd7 8. h5
Bh7 9. Bd3 Bxd3 10. Qxd3 e6 11. Bd2 Ngf6 (11... Qc7 12. O-O-O O-O-O 13. Ne4
Ngf6) 12. O-O-O Qc7 (12... Be7) 13. Ne4 O-O-O 14. Kb1 (14. g3 $1 Nxe4 (14...
Nc5) (14... Be7) 15. Qxe4 Nf6 (15... c5 $6) (15... Be7) (15... Bd6)) 14... Nxe4
15. Qxe4 Bd6 16. g3 (16. c4 c5 17. Bc3 Nf6 18. Qe2) 16... Nf6 17. Qe2 Rhe8 18.
c4 Qe7 19. Ba5 Bc7 20. Bc3 (20. Bxc7 Qxc7 21. Ne5 Re7 22. c5 Nd7 23. Nc4 Nf6
24. Nd6+ Kb8 25. Rd3 Ne8 26. Nc4 Red7) 20... Qf8 (20... Ng4 $11) 21. Ka1 Kb8
22. Ne5 Bd6 23. Rhe1 Nd7 24. Nxd7+ (24. f4) 24... Rxd7 25. Qg4 Rde7 26. f4 (26.
a3 $1) 26... f5 $6 (26... Qh8) 27. Qf3 (27. Qe2) (27. Qg6) 27... Qf7 28. Re2
Kc8 29. Red2 $6 (29. b4 $1) 29... Qg8 (29... Rd7 30. Kb1 Red8) 30. Kb1 Qf7 31.
Rd3 Kb8 32. Re1 Kc8 33. Rde3 Kd8 $2 (33... Kb8) 34. Ba5+ (34. b4) (34. a4)
34... Bc7 $2 {[#]} (34... Kc8) (34... Kd7) 35. Bb4 $1 Rd7 36. d5 $1 $18 cxd5
37. cxd5 e5 38. fxe5 (38. d6 $3 $18) 38... Qxd5 39. Qxf5 Re6 (39... Qe6 $16)
40. R3e2 $6 (40. g4) (40. Qf8+ Re8 41. Qf1) 40... Qd3+ 41. Qxd3 Rxd3 42. Kc2
Rxg3 43. Rd2+ Kc8 44. Bc3 b6 45. Rf1 Rg5 46. Rf8+ Kb7 47. Rf7 Kc6 48. a4 Bxe5
49. Re2 Kd5 50. Rd2+ Kc6 51. Re2 Kd5 52. Rd7+ Kc6 53. Rxa7 Rxh5 54. b4 Rf5 55.
b5+ Kd5 56. Rd7+ Kc4 57. Re4+ 1-0

[Event "Mechanics' Shipman TNM; G/2 d/5"]
[Site "San Francisco"]
[Date "2018.08.14"]
[Round "2.8"]
[White "Kokesh, Tim"]
[Black "Huberts, Alexander"]
[Result "1-0"]
[WhiteElo "2015"]
[BlackElo "1705"]
[PlyCount "61"]
[EventDate "2018.??.??"]
[Source "ChessBase"]
[SourceDate "2007.09.04"]

1. e4 c6 2. d4 d5 3. exd5 cxd5 4. c4 Nf6 5. Nc3 Bf5 6. Qb3 Nc6 7. cxd5 Na5 8.
Bb5+ Bd7 9. Qa4 a6 10. Bxd7+ Nxd7 11. Nf3 b5 12. Qc2 Nf6 13. d6 Qxd6 14. O-O e6
15. d5 Be7 16. dxe6 Qxe6 17. Re1 Qc6 18. Nd4 Qc7 19. Nf5 Nc6 20. Qe2 Ra7 21.
Be3 Kf8 22. Bxa7 Qxa7 23. Qf3 Qc7 24. Nxe7 Nxe7 25. Qa8+ Qc8 26. Qa7 Nc6 27.
Qc5+ Kg8 28. Rad1 Nd7 29. Qd6 Nf6 30. Qxc6 Qxc6 31. Rd8+ 1-0

[Event "Mechanics' Summer TNM; G/2 d/5"]
[Site "San Francisco"]
[Date "2018.06.12"]
[Round "3.17"]
[White "Kondakov, Adrian"]
[Black "Hack, Richard"]
[Result "1-0"]
[WhiteElo "2076"]
[BlackElo "1582"]
[PlyCount "83"]
[EventDate "2018.??.??"]
[Source "ChessBase"]
[SourceDate "2007.09.04"]

1. e4 e5 2. Nf3 Nc6 3. Bc4 Bc5 4. c3 Nf6 5. d3 h6 6. O-O O-O 7. Nbd2 d6 8. h3
Re8 9. Re1 Be6 10. a4 a6 11. Bb3 Qd7 12. Nf1 Rad8 13. Be3 Bxe3 14. Nxe3 d5 15.
Qc2 d4 16. Bxe6 Rxe6 17. cxd4 Nxd4 18. Nxd4 exd4 19. Nf5 Kh7 20. Qd2 Ng8 21. f4
g6 22. Ng3 Rde8 23. Rac1 Rc6 24. Rxc6 Qxc6 25. Rc1 Qd7 26. Qb4 c6 27. Ne2 Rd8
28. Rc4 Qc7 29. Qc5 Ne7 30. Rxd4 b6 31. Qc4 Kg7 32. Rxd8 Qxd8 33. b4 b5 34.
Qc3+ Kh7 35. axb5 cxb5 36. Qf6 Kg8 37. d4 Qd7 38. d5 Qa7+ 39. Kh2 a5 40. bxa5
b4 41. Qb6 b3 42. Qxa7 1-0

[Event "Mechanics' Spring TNM; G/2 d5"]
[Site "San Francisco"]
[Date "2018.04.17"]
[Round "5.45"]
[White "Kondakova, Elena"]
[Black "Baer, Michael Alan"]
[Result "0-1"]
[WhiteElo "1464"]
[BlackElo "1385"]
[PlyCount "68"]
[EventDate "2018.??.??"]
[Source "ChessBase"]
[SourceDate "2007.09.04"]

1. e4 g6 2. d4 Bg7 3. Nf3 d6 4. Be2 Nd7 5. O-O e5 6. d5 Ngf6 7. Nc3 Nc5 8. Nd2
O-O 9. a3 a6 10. b4 Ncd7 11. Nc4 Ne8 12. Be3 f5 13. Bd3 f4 14. Bd2 Nef6 15. g3
g5 16. Qe2 Qe8 17. f3 Qg6 18. g4 h5 19. h3 Rf7 20. Qg2 Bh6 21. Be2 Nf8 22. Be1
N8h7 23. h4 Rg7 24. Kh2 hxg4 25. fxg4 gxh4 26. Bxh4 Nxg4+ 27. Kh1 Qh5 28. Bxg4
Qxh4+ 29. Qh2 Qxh2+ 30. Kxh2 Bxg4 31. Rg1 Nf6 32. Rae1 f3 33. Ref1 Bf4+ 34. Kh1
Rh7# 0-1